Gas turbine handbook : (Record no. 355441)

000 -LEADER
fixed length control field 01272cam a2200349 a 4500
001 - CONTROL NUMBER
control field 15430706
003 - CONTROL NUMBER IDENTIFIER
control field Nust- CAS-E
005 - DATE AND TIME OF LATEST TRANSACTION
control field 20180118181402.0
008 - FIXED-LENGTH DATA ELEMENTS--GENERAL INFORMATION
fixed length control field 080827s2009 gauab bf 001 0 eng
010 ## - LIBRARY OF CONGRESS CONTROL NUMBER
LC control number 2008038098
020 ## - INTERNATIONAL STANDARD BOOK NUMBER
International Standard Book Number 0881736139
020 ## - INTERNATIONAL STANDARD BOOK NUMBER
International Standard Book Number 9780881736137
020 ## - INTERNATIONAL STANDARD BOOK NUMBER
International Standard Book Number 0881736147
020 ## - INTERNATIONAL STANDARD BOOK NUMBER
International Standard Book Number 9780881736144
020 ## - INTERNATIONAL STANDARD BOOK NUMBER
International Standard Book Number 9781439801918
020 ## - INTERNATIONAL STANDARD BOOK NUMBER
International Standard Book Number 1439801916
035 ## - SYSTEM CONTROL NUMBER
System control number (OCoLC)ocn244659852
040 ## - CATALOGING SOURCE
Original cataloging agency DLC
Transcribing agency DLC
Modifying agency BTCTA
-- YDXCP
-- C#P
-- BWX
-- DLC
050 00 - LIBRARY OF CONGRESS CALL NUMBER
Classification number TJ778
Item number .G48 2009
082 00 - DEWEY DECIMAL CLASSIFICATION NUMBER
Classification number 621.433
Edition number 22
Author Mark GIA 2009
100 1# - MAIN ENTRY--PERSONAL NAME
Personal name Giampaolo, Tony,
Dates associated with a name 1939-
245 10 - TITLE STATEMENT
Title Gas turbine handbook :
Remainder of title principles and practice /
Statement of responsibility, etc. by Tony Giampaolo.
250 ## - EDITION STATEMENT
Edition statement 4th ed.
260 ## - PUBLICATION, DISTRIBUTION, ETC.
Place of publication, distribution, etc. Lilburn, GA :
Name of publisher, distributor, etc. Fairmont Press ;
Place of publication, distribution, etc. Boca Raton, FL :
Name of publisher, distributor, etc. CRC Press,
Date of publication, distribution, etc. c2009.
300 ## - PHYSICAL DESCRIPTION
Extent xiii, 447 p. :
Other physical details ill., map ;
Dimensions 24 cm.
504 ## - BIBLIOGRAPHY, ETC. NOTE
Bibliography, etc. note Includes bibliographical references and index.
650 #0 - SUBJECT ADDED ENTRY--TOPICAL TERM
Topical term or geographic name entry element Gas-turbines
Form subdivision Handbooks, manuals, etc.
856 41 - ELECTRONIC LOCATION AND ACCESS
Materials specified Table of contents only
Uniform Resource Identifier <a href="http://www.loc.gov/catdir/toc/ecip0827/2008038098.html">http://www.loc.gov/catdir/toc/ecip0827/2008038098.html</a>
906 ## - LOCAL DATA ELEMENT F, LDF (RLIN)
a 7
b cbc
c orignew
d 1
e ecip
f 20
g y-gencatlg
942 ## - ADDED ENTRY ELEMENTS (KOHA)
Source of classification or shelving scheme
Koha item type Book
Holdings
Withdrawn status Lost status Source of classification or shelving scheme Damaged status Not for loan Collection code Permanent Location Current Location Shelving location Date acquired Source of acquisition Total Checkouts Full call number Barcode Date last seen Cost, replacement price Price effective from Koha item type
            US-Pakistan Center for Advanced Studies in Energy (USPCAS-E) US-Pakistan Center for Advanced Studies in Energy (USPCAS-E) General Stacks 06/17/2013 Victoria co   621.433 GIA 2009 CAS-E0000374 08/27/2014 8500.00 08/27/2014 Book
© 2023 Central Library, National University of Sciences and Technology. All Rights Reserved.